000 00310nam a22001337a 4500
008 170414b xxu||||| |||| 00| 0 eng d
020 _a0323011462
041 _aeng
080 _a618
100 _a10
101 _aSHM
245 _aYEAR BOOK NEOTANAL PERITNAL MEDICINE
_cFANAROFF.A.A
942 _2udc
_cBK
999 _c10730
_d10730